Представление документа в формате MARC21

Поле Инд. ПП Название Значение
Тип записи a
Библиографический уровень m
001 Контрольный номер a1f7a418f5a14b96adb6180edd8722a2
005 Дата корректировки 20260407144911.6
084 a Индекс другой классификации/Индекс ББК 3
091 i Возрастная адресация (DOS) 12+
097 b Оператор Чирова
245 10 a Заглавие Радио
n Номер части/ раздела 3
260 c Дата издания 2026
900 a Имя макрообъекта E0041D100131DF1B
901 t Тип документа s